000 00305nam a22001337a 4500
008 170621b xxu||||| |||| 00| 0 eng d
020 _a9780679723158
041 _aeng
080 _a32
100 _a20
101 _aSHP
245 _aTHE AMERICAN POLITICAL TRADITION
_cHOFSTADER.R
942 _2udc
_cBK
999 _c18450
_d18450